Use of Boston Consulting Group (BCG) Analysis

Enregistré dans:
Détails bibliographiques
Auteur principal: Kopčáková, Janka, 1994-
Format: Chapitre de livre
Langue:anglais
Sujets:
Tags: Ajouter un tag
Pas de tags, Soyez le premier à ajouter un tag!

MARC

LEADER 00000naa$a2200000$$$4500
001 0296591
005 20240502074509.9
041 0 |a eng 
044 |a SK 
245 1 0 |a Use of Boston Consulting Group (BCG) Analysis  |c Janka Kopčáková 
500 |a Abstrakt 
610 2 0 |a analýzy 
610 2 0 |a podnik 
610 2 0 |a manažment 
610 2 0 |a konkurencieschopnosť 
610 2 0 |a zisk 
100 1 |a Kopčáková, Janka, 1994-